Process systems analysis and control (Record no. 13575)

000 -LEADER
fixed length control field 00578nam a22002051 4500
001 - CONTROL NUMBER
control field 13575
003 - CONTROL NUMBER IDENTIFIER
control field BD-DhUET
008 - FIXED-LENGTH DATA ELEMENTS--GENERAL INFORMATION
fixed length control field 730306s1965 nyua b 000 0 eng
040 ## - CATALOGING SOURCE
Original cataloging agency DLC
Transcribing agency DLC
Modifying agency BD-DhUET
082 ## - DEWEY DECIMAL CLASSIFICATION NUMBER
Classification number 660.284
Item number COU/1965
100 1# - MAIN ENTRY--PERSONAL NAME
Personal name Coughanowr, Donald R.
245 10 - TITLE STATEMENT
Title Process systems analysis and control
250 ## - EDITION STATEMENT
Edition statement 1st ed.
260 ## - PUBLICATION, DISTRIBUTION, ETC. (IMPRINT)
Place of publication, distribution, etc. New York
Name of publisher, distributor, etc. McGraw-Hill
Date of publication, distribution, etc. 1965
300 ## - PHYSICAL DESCRIPTION
Extent xii, 491 p.
Other physical details ill.
Dimensions 21 cm.
490 ## - SERIES STATEMENT
Series statement McGraw-Hill chemical engineering series
650 #0 - SUBJECT ADDED ENTRY--TOPICAL TERM
Topical term or geographic name as entry element Control devices process engineering
700 ## - ADDED ENTRY--PERSONAL NAME
Personal name Koppel, Lowell B.
942 ## - ADDED ENTRY ELEMENTS (KOHA)
Koha item type General Book
Holdings
Damaged status Lost status Not for loan Piece designation (barcode) Shelving location Date acquired Withdrawn status Location (home branch) Koha issues (times borrowed) Koha date last borrowed Koha full call number Koha item type Copy number Koha date last seen Koha normalized classification for sorting Price effective from Source of classification or shelving scheme Sublocation or collection (holding branch)
   29699Circulation section2015-03-03 Central Library, BUET  660.284/COU/1965General Book12015-03-03660_284000000000000_COU_19652015-03-03 Central Library, BUET
   29689Circulation section2015-03-03 Central Library, BUET12017-05-09660.284/COU/1965General Book22017-05-09660_284000000000000_COU_19652015-03-03 Central Library, BUET
   29697Circulation section2015-03-03 Central Library, BUET  660.284/COU/1965General Book32015-03-03660_284000000000000_COU_19652015-03-03 Central Library, BUET
   29692Circulation section2015-03-03 Central Library, BUET  660.284/COU/1965General Book42015-03-03660_284000000000000_COU_19652015-03-03 Central Library, BUET
   29698Circulation section2015-03-03 Central Library, BUET  660.284/COU/1965General Book52015-03-03660_284000000000000_COU_19652015-03-03 Central Library, BUET
   29690Circulation section2015-03-03 Central Library, BUET  660.284/COU/1965General Book62015-03-03660_284000000000000_COU_19652015-03-03 Central Library, BUET
   29688Cataloging to Circulation2015-03-03 Central Library, BUET  660.284/COU/1965General Book72015-03-03660_284000000000000_COU_19652015-03-03 Central Library, BUET
   34519Circulation section2015-03-04 Central Library, BUET  660.284/COU/1965General Book82015-03-04660_284000000000000_COU_19652015-03-04 Central Library, BUET
   29694Circulation section2015-05-11 Central Library, BUET  660.284/COU/1965General Book92015-05-11660_284000000000000_COU_19652015-05-11 Central Library, BUET
   29696Circulation section2015-05-11 Central Library, BUET  660.284/COU/1965General Book102015-05-11660_284000000000000_COU_19652015-05-11 Central Library, BUET
   29695Circulation section2015-05-13 Central Library, BUET  660.284/COU/1965General Book112015-05-13660_284000000000000_COU_19652015-05-13 Central Library, BUET
   17869Circulation section2015-05-14 Central Library, BUET  660.284/COU/1965General Book122015-05-14660_284000000000000_COU_19652015-05-14 Central Library, BUET
   15822Circulation section2015-05-18 Central Library, BUET  660.284/COU/1965General Book132015-05-18660_284000000000000_COU_19652015-05-18 Central Library, BUET
   29700Reading section2015-06-20 Central Library, BUET  660.284/COU/1965General Book142015-06-20660_284000000000000_COU_19652015-06-20 Central Library, BUET
   29701Reading section2015-06-20 Central Library, BUET  660.284/COU/1965General Book152015-06-20660_284000000000000_COU_19652015-06-20 Central Library, BUET
   16716Circulation section2015-07-10 Central Library, BUET  660.284/COU/1965General Book162015-07-10660_284000000000000_COU_19652015-07-10 Central Library, BUET